Statistiken für Schauspieler, die mit Werner Herzog zusammengearbeitet haben

Klicken Sie hier um das Quiz zu spielen!

Allgemein

  • Dieses Quiz wurde 3 mal gespielt
  • Das Durchschnittsergebnis liegt bei 6 aus 34

Antwortstatistiken

FilmSchauspieler/in% Korrekt
Aguirre, der Zorn Gottes, Nosferatu – Phantom der Nacht, Woyzeck, Fitzcarraldo, Cobra VerdeKlaus Kinski
100%
Nosferatu – Phantom der NachtBruno Ganz
67%
Rescue DawnChristian Bale
67%
Bad Lieutenant – Cop ohne Gewissen, Ein fürsorglicher Sohn, Salt and FireMichael Shannon
67%
Stroszek, WoyzeckEva Mattes
33%
Nosferatu – Phantom der NachtIsabelle Adjani
33%
Königin der WüsteJames Franco
33%
Herz aus Glas, WoyzeckJosef Bierbichler
33%
Königin der WüsteNicole Kidman
33%
Königin der WüsteRobert Pattinson
33%
Rescue DawnSteve Zahn
33%
Invincible – UnbesiegbarTim Roth
33%
Salt and FireVeronica Ferres
33%
Cerro Torre: Schrei aus Stein, The Wild Blue Yonder, Bad Lieutenant – Cop ohne GewissenBrad Dourif
0%
Jeder für sich und Gott gegen alleBrigitte Mira
0%
Wo die grünen Ameisen träumenBruce Spence
0%
FitzcarraldoClaudia Cardinale
0%
Cerro Torre: Schrei aus SteinDonald Sutherland
0%
Bad Lieutenant – Cop ohne GewissenEva Mendes
0%
Jeder für sich und Gott gegen alleHerbert Achternbusch
0%
Wo die grünen Ameisen träumenHugh Keays-Byrne
0%
WoyzeckIrm Hermann
0%
Bad Lieutenant – Cop ohne GewissenJennifer Coolidge
0%
Fitzcarraldo, Cobra VerdeJosé Lewgoy
0%
Ein fürsorglicher SohnMichael Peña
0%
Bad Lieutenant – Cop ohne GewissenNicolas Cage
0%
StroszekNorbert Grupe / Wilhelm von Homburg
0%
LebenszeichenPeter Brogle
0%
Invincible – Unbesiegbar, Ein fürsorglicher SohnUdo Kier
0%
Bad Lieutenant – Cop ohne GewissenVal Kilmer
0%
Jeder für sich und Gott gegen alle, Herz aus GlasVolker Prechtel
0%
Jeder für sich und Gott gegen alle, Nosferatu – Phantom der NachtWalter Ladengast
0%
Ein fürsorglicher SohnWillem Dafoe
0%
Lebenszeichen, WoyzeckWolfgang Reichmann
0%

Verteilung der Resultate

Perzentil nach korrekt beantworteten Fragen

Anzahl Personen mit jedem Resultat

Ihre Resultats-Entwicklung

Sie haben dieses Quiz noch nicht gespielt